000 00409pab a2200145 454500
008 180718b1987 xxu||||| |||| 00| 0 eng d
100 _aJain, A.K.
245 _aSite planning and urban land policy for Delhi
260 _c1987
300 _a53-63
362 _aAug.-Dec.
650 _aCity Planning - India - Delhi
773 _aJournal of Himachal Pradesh Institute of Public Administration
909 _a5506
999 _c5506
_d5506